| 000 | 00369nam a2200133Ia 4500 | ||
|---|---|---|---|
| 008 | 260604s9999 xx 000 0 und d | ||
| 020 | _a9783031582400 | ||
| 082 | _a519.3 DEH | ||
| 100 |
_aDEHEZ [PIERRE] _935575 |
||
| 245 | 0 | _aGAME THEORY FOR THE SOCIAL SCIENCES: CONFLICT, BARGAINING, COOPERATION AND POWER | |
| 260 | _bSPRINGER | ||
| 500 | _aGame Theory | ||
| 942 | _cBK | ||
| 999 |
_c8398 _d8398 |
||